000 00416nam a2200157Ia 4500
003 GCL
008 140319s9999 xx 000 0 ara d
040 _aGCL /
_cGCL
082 0 4 _aد
_b050
100 1 _aحسين فرج زين الدين
245 1 0 _aمع الاسماك (اقرا 55 /
_cحسين فرج زين الدين
300 _a124
490 _aاقرأ
_v0
650 0 4 _aالاسماك
942 _2ddc
_cBK
999 _c48631
_d48631